| 000 | 00000nam##2200000za#4500 |
| 001 | 9.691673 |
| 003 | CaOODSP |
| 005 | 20210624232854 |
| 007 | cr ||||||||||| |
| 008 | 150407|2008||||xxc|||||o f|0| 0 eng|d |
| 020 | |a978-1-100-11479-8 |
| 022 | |a1710-0224 |
| 040 | |aCaOODSP|beng |
| 043 | |an-cn--- |
| 086 | 1 |aCS89-637/4-2006E-PDF |
| 245 | 00|aFact sheet - Inuit health, education and country food harvesting |h[electronic resource] |
| 246 | 1 |iAdditional title (within publication) : |a2006 Aboriginal Peoples Survey and Census. No. 1, Inuit |
| 260 | |aOttawa - Ontario : |bStatistics Canada |cDecember 2008. |
| 300 | |a5p.|bgraph, map, tables |
| 500 | |aTitle from cover. At head of title: Aboriginal Peoples Survey. |
| 590 | |a10-10-Supp|b2010-11-09 |
| 690 | 07|aInuit|2gcpds |
| 710 | 2 |aStatistics Canada. |
| 775 | 08|tFeuillet d'information - Santé, scolarité et récolte de nourriture traditionnelle chez les Inuits |w(CaOODSP)9.635988 |
| 856 | 40|ahttp://publications.gc.ca|qPDF|s512 KB|uhttps://publications.gc.ca/collections/collection_2008/statcan/89-637-X/89-637-x2008004-eng.pdf |